[Event "Oberliga Baden 1718"]
[Site "Baden"]
[Date "2018.03.18"]
[Round "8.7"]
[White "Schulz, Vladimir"]
[Black "Ditzler, Juerg"]
[Result "1-0"]
[WhiteElo "2132"]
[BlackElo "1969"]
[PlyCount "79"]
[EventDate "2017.10.08"]
[EventType "team-tourn"]
[EventRounds "9"]
[EventCountry "GER"]
[SourceTitle "EXT 2019"]
[Source "ChessBase"]
[SourceDate "2018.10.10"]
[SourceVersion "1"]
[SourceVersionDate "2018.10.10"]
[SourceQuality "1"]
[WhiteTeam "Baden-Baden III"]
[BlackTeam "Dreilaendereck"]
[WhiteTeamCountry "GER"]
[BlackTeamCountry "GER"]

1. Nf3 g6 2. c4 Bg7 3. Nc3 c5 4. d4 cxd4 5. Nxd4 Nc6 6. Be3 Nf6 7. Nxc6 bxc6 8. Bd4 0-0 9. e4 d6 10. f3 c5 11. Be3 Rb8 12. Rb1 Qa5 13. Bd2 Be6 14. Be2 Nd7 15. 0-0 Ne5 16. Nb5 Qb6 17. b3 Nc6 18. f4 f5 19. Bf3 Nd4 20. Nxd4 Bxd4+ 21. Kh1 fxe4 22. Bxe4 Bf5 23. Qf3 e5 24. Bxf5 Rxf5 25. Qd5+ Kg7 26. fxe5 dxe5 27. Qd7+ Kg8 28. Rxf5 gxf5 29. Qxf5 Rf8 30. Qh3 Qg6 31. Rd1 Rf2 32. Bh6 Qf5 33. Qg3+ Kf7 34. Qg7+ Ke6 35. Qg8+ Kd7 36. Rg1 Rxa2 37. Qd5+ Kc7 38. Bg7 Bxg1 39. Bxe5+ Kc8 40. Qc6+ 1-0

[Event "Oberliga Baden 1617"]
[Site "Baden"]
[Date "2017.05.07"]
[Round "9.7"]
[White "Ditzler, Juerg"]
[Black "Becherer, Torsten"]
[Result "1/2-1/2"]
[WhiteElo "2052"]
[BlackElo "1756"]
[PlyCount "48"]
[EventDate "2016.10.16"]
[EventType "team-tourn"]
[EventRounds "9"]
[EventCountry "GER"]
[SourceTitle "EXT 2018"]
[Source "ChessBase"]
[SourceDate "2017.10.13"]
[SourceVersion "1"]
[SourceVersionDate "2017.10.13"]
[SourceQuality "1"]
[WhiteTeam "Dreilaendereck"]
[BlackTeam "Oberwinden"]
[WhiteTeamCountry "GER"]
[BlackTeamCountry "GER"]

1. Nf3 d6 2. d4 Nf6 3. c4 g6 4. Nc3 Bg7 5. e4 0-0 6. g3 Nbd7 7. Bg2 e5 8. 0-0 Re8 9. d5 Nb6 10. Qd3 Bg4 11. h3 Bxf3 12. Bxf3 a5 13. Be3 Nfd7 14. b3 Nc5 15. Qc2 Rf8 16. a3 Qd7 17. b4 axb4 18. axb4 Na6 19. c5 Nc4 20. c6 bxc6 21. dxc6 Nxe3 22. fxe3 Qxh3 23. Bg2 Qxg3 24. Nd5 Nxb4 1/2-1/2

[Event "Basel op"]
[Site "Basel"]
[Date "2017.01.07"]
[Round "7"]
[White "Harringer, Manfred"]
[Black "Ditzler, Juerg"]
[Result "1/2-1/2"]
[WhiteElo "2009"]
[BlackElo "2052"]
[PlyCount "48"]
[EventDate "2017.01.02"]
[EventType "swiss"]
[EventRounds "9"]
[EventCountry "SUI"]
[SourceTitle "CBM 176 Extra"]
[Source "ChessBase"]
[SourceDate "2017.03.02"]
[SourceVersion "1"]
[SourceVersionDate "2017.03.02"]
[SourceQuality "1"]

1. e4 g6 2. d4 Bg7 3. Nf3 d6 4. Be2 Nc6 5. 0-0 e5 6. c3 Nf6 7. Qc2 0-0 8. dxe5 dxe5 9. Rd1 Qe7 10. b3 Rd8 11. Nbd2 Qc5 12. Nc4 Rxd1+ 13. Bxd1 Qe7 14. Ba3 Qe8 15. Be2 Nh5 16. g3 Nf6 17. Rd1 b6 18. Ncxe5 Nxe5 19. Nxe5 Bb7 20. Nxf7 Qxe4 21. Qxe4 Nxe4 22. Bc4 Nxc3 23. Rd8+ Rxd8 24. Nxd8+ Bd5 1/2-1/2

[Event "Basel op"]
[Site "Basel"]
[Date "2017.01.03"]
[Round "2"]
[White "Furman, Boris"]
[Black "Ditzler, Juerg"]
[Result "1-0"]
[WhiteElo "2205"]
[BlackElo "2052"]
[PlyCount "107"]
[EventDate "2017.01.02"]
[EventType "swiss"]
[EventRounds "9"]
[EventCountry "SUI"]
[SourceTitle "CBM 176 Extra"]
[Source "ChessBase"]
[SourceDate "2017.03.02"]
[SourceVersion "1"]
[SourceVersionDate "2017.03.02"]
[SourceQuality "1"]

1. d4 g6 2. c4 Bg7 3. Nc3 d6 4. Nf3 Nd7 5. Bg5 h6 6. Bh4 Ngf6 7. e3 g5 8. Bg3 Nh5 9. Nd2 Nxg3 10. hxg3 e5 11. d5 Nf6 12. Be2 a5 13. g4 Bd7 14. Nde4 b6 15. Nxf6+ Qxf6 16. Bd3 Qe7 17. Ne4 a4 18. a3 h5 19. Rxh5 Rxh5 20. gxh5 f5 21. h6 fxe4 22. hxg7 Qxg7 23. Bxe4 0-0-0 24. Qc2 Rh8 25. 0-0-0 g4 26. g3 Qf6 27. Rh1 Rxh1+ 28. Bxh1 Qh6 29. Be4 Qh2 30. Qe2 Qg1+ 31. Kd2 Qa1 32. Kc3 Kb7 33. Bc2 Qa2 34. Qf1 b5 35. cxb5 Qxd5 36. Qc4 Qxb5 37. Qxb5+ Bxb5 38. Bf5 Be2 39. Be4+ Kb6 40. Kd2 Bc4 41. Bf5 Bf7 42. Bxg4 Kc5 43. Bd1 Be8 44. f4 exf4 45. exf4 Kd4 46. Bc2 Bd7 47. Ke2 c5 48. Kf3 c4 49. g4 c3 50. bxc3+ Kxc3 51. Be4 Kb2 52. g5 Kxa3 53. g6 Kb2 54. Bd5 1-0

[Event "Verbandsliga Suedbaden 1516"]
[Site "Baden"]
[Date "2016.03.20"]
[Round "8.7"]
[White "Ditzler, Juerg"]
[Black "Bossert, Felix"]
[Result "1-0"]
[WhiteElo "2054"]
[BlackElo "1572"]
[PlyCount "89"]
[EventDate "2015.09.27"]
[EventType "team-tourn"]
[EventRounds "9"]
[EventCountry "GER"]
[SourceTitle "EXT 2022"]
[Source "ChessBase"]
[SourceDate "2021.10.06"]
[SourceVersion "1"]
[SourceVersionDate "2021.10.06"]
[SourceQuality "1"]
[WhiteTeam "Dreilaendereck"]
[BlackTeam "Baden Baden IV"]
[WhiteTeamCountry "GER"]
[BlackTeamCountry "GER"]

1. Nf3 d5 2. d4 Nf6 3. c4 Bf5 4. Nc3 e6 5. Nh4 Bg6 6. Nxg6 hxg6 7. g3 dxc4 8. Bg2 c6 9. a4 a5 10. 0-0 Nbd7 11. e4 Nb6 12. Bg5 Be7 13. e5 Nfd5 14. Bxe7 Qxe7 15. Ne4 Nc8 16. Rc1 Qb4 17. Qc2 Ra6 18. Qxc4 Qxc4 19. Rxc4 Rb6 20. Rc5 Rxb2 21. Rxa5 Rb4 22. Ra8 0-0 23. Nc5 b6 24. Nd7 Rd8 25. Bxd5 cxd5 26. Rc1 Rc4 27. Rxc4 dxc4 28. Kf1 Rxd7 29. Rxc8+ Kh7 30. Rxc4 Kh6 31. Ke2 Kg5 32. f3 Kh5 33. Ke3 g5 34. Rb4 Ra7 35. h3 Ra8 36. Kd3 Kg6 37. g4 Rh8 38. Rxb6 Rxh3 39. Ke3 Rh1 40. a5 Ra1 41. a6 Ra3+ 42. Ke2 Ra2+ 43. Kd3 Ra3+ 44. Kc4 Rxf3 45. Rb3 1-0

[Event "Verbandsliga Suedbaden 1415"]
[Site "Baden"]
[Date "2015.01.25"]
[Round "5.6"]
[White "Malachowski, Margrit"]
[Black "Ditzler, Juerg"]
[Result "1/2-1/2"]
[WhiteElo "2145"]
[BlackElo "2063"]
[PlyCount "24"]
[EventDate "2014.10.12"]
[EventType "team-tourn"]
[EventRounds "9"]
[EventCountry "GER"]
[SourceTitle "EXT 2022"]
[Source "ChessBase"]
[SourceDate "2021.10.06"]
[SourceVersion "1"]
[SourceVersionDate "2021.10.06"]
[SourceQuality "1"]
[WhiteTeam "Dreilaendereck"]
[BlackTeam "Horben"]
[WhiteTeamCountry "GER"]
[BlackTeamCountry "GER"]

1. Nf3 g6 2. d4 Bg7 3. e4 d6 4. Nc3 Bg4 5. Be3 Nc6 6. Be2 e5 7. dxe5 dxe5 8. h3 Bxf3 9. Bxf3 Nd4 10. 0-0 Ne7 11. Bxd4 exd4 12. Nd5 c6 1/2-1/2

[Event "Basel op"]
[Site "Basel"]
[Date "2015.01.05"]
[Round "7"]
[White "Ditzler, Juerg"]
[Black "Van Foreest, Lucas"]
[Result "0-1"]
[WhiteElo "2056"]
[BlackElo "2321"]
[PlyCount "103"]
[EventDate "2015.01.01"]
[EventType "swiss"]
[EventRounds "7"]
[EventCountry "SUI"]
[SourceTitle "CBM 164 Extra"]
[Source "ChessBase"]
[SourceDate "2015.03.02"]
[SourceVersion "1"]
[SourceVersionDate "2015.03.02"]
[SourceQuality "1"]

1. Nf3 Nf6 2. d4 e6 3. c4 b6 4. g3 Bb7 5. Bg2 c6 6. 0-0 d5 7. Nbd2 Be7 8. Qc2 0-0 9. e4 dxe4 10. Nxe4 c5 11. Nxf6+ gxf6 12. Ng5 fxg5 13. Bxb7 Nd7 14. Bxa8 Qxa8 15. d5 f5 16. Re1 e5 17. Qa4 Qe8 18. d6 Bf6 19. Qc6 e4 20. Qd5+ Kh8 21. f4 gxf4 22. Bxf4 Bxb2 23. Rad1 Bc3 24. Bd2 Be5 25. Bg5 Rg8 26. Bh4 Qg6 27. Kh1 h6 28. Qd2 Kh7 29. Rf1 a6 30. Qf2 Rf8 31. Be7 Rf7 32. Rd5 Qg4 33. Re1 Qg6 34. Qe2 Rg7 35. a4 Qe6 36. Qd2 Rg4 37. a5 b5 38. cxb5 axb5 39. a6 Bc3 40. Qxc3 Qxd5 41. a7 Rg8 42. Ra1 b4 43. Qc2 b3 44. Qe2 e3+ 45. Qg2 Qxg2+ 46. Kxg2 c4 47. a8Q Rxa8 48. Rxa8 b2 49. Ra7 b1Q 50. Rxd7 e2 51. Bf6+ Kg6 52. Bc3 0-1

[Event "Basel op"]
[Site "Basel"]
[Date "2015.01.02"]
[Round "2"]
[White "Iturrizaga Bonelli, Eduardo"]
[Black "Ditzler, Juerg"]
[Result "1-0"]
[WhiteElo "2649"]
[BlackElo "2056"]
[PlyCount "43"]
[EventDate "2015.01.01"]
[EventType "swiss"]
[EventRounds "7"]
[EventCountry "SUI"]
[SourceTitle "CBM 164 Extra"]
[Source "ChessBase"]
[SourceDate "2015.03.02"]
[SourceVersion "1"]
[SourceVersionDate "2015.03.02"]
[SourceQuality "1"]

1. Nf3 g6 2. c4 Bg7 3. Nc3 d6 4. d4 Nd7 5. g3 e5 6. Bg2 Ne7 7. 0-0 0-0 8. e4 exd4 9. Nxd4 Nc6 10. Nde2 Nc5 11. Be3 Be6 12. b3 Qd7 13. f4 Bh3 14. Bxc5 dxc5 15. Qxd7 Bxd7 16. e5 f6 17. Bd5+ Kh8 18. e6 Bc8 19. Nb5 Bxe6 20. Bxe6 Rae8 21. f5 gxf5 22. Nf4 1-0

[Event "Verbandsliga Suedbaden 1415"]
[Site "Baden"]
[Date "2014.11.23"]
[Round "3.3"]
[White "Ditzler, Juerg"]
[Black "Marentini, Marcel"]
[Result "1-0"]
[WhiteElo "2063"]
[BlackElo "2072"]
[PlyCount "133"]
[EventDate "2014.10.12"]
[EventType "team-tourn"]
[EventRounds "9"]
[EventCountry "GER"]
[SourceTitle "EXT 2022"]
[Source "ChessBase"]
[SourceDate "2021.10.06"]
[SourceVersion "1"]
[SourceVersionDate "2021.10.06"]
[SourceQuality "1"]
[WhiteTeam "Horben"]
[BlackTeam "Konstanz"]
[WhiteTeamCountry "GER"]
[BlackTeamCountry "GER"]

1. Nf3 Nf6 2. d4 e6 3. c4 b6 4. g3 Bb7 5. Bg2 Be7 6. 0-0 0-0 7. Nc3 Ne4 8. Qc2 f5 9. d5 Nxc3 10. bxc3 Na6 11. Nd4 exd5 12. cxd5 Bf6 13. Ba3 Nc5 14. Nxf5 Qe8 15. Rab1 Ba6 16. c4 d6 17. Bb2 Bxb2 18. Rxb2 Qa4 19. Qxa4 Nxa4 20. Rb4 Nc5 21. Nd4 Bc8 22. f4 a5 23. Rbb1 Na4 24. f5 Ba6 25. Rfc1 Rae8 26. e4 Rf7 27. Ne6 Rfe7 28. Bf1 Bc8 29. Rb3 Kf7 30. Re3 Kf6 31. Be2 Ke5 32. Kf2 Bxe6 33. fxe6 Rf8+ 34. Rf3 Rxf3+ 35. Bxf3 Nc5 36. Ke3 Re8 37. g4 Rf8 38. h4 Kf6 39. g5+ Ke7 40. h5 Na6 41. Bg4 Nb4 42. a3 Na6 43. Bf5 Rh8 44. Rc2 Nc5 45. Rf2 Nb7 46. Bg4 Nd8 47. Kd4 h6 48. e5 Rg8 49. exd6+ Kxd6 50. Be2 Rh8 51. gxh6 gxh6 52. Rf6 Nb7 53. Bd3 Nc5 54. Bg6 Nb3+ 55. Kc3 Nc5 56. Rf7 c6 57. Rg7 cxd5 58. e7 Ne6 59. Rh7 Rxh7 60. e8Q Rc7 61. Bd3 d4+ 62. Kd2 Rc5 63. Qb8+ Ke7 64. Qxb6 Rxh5 65. Qb7+ Kd6 66. Be4 Rc5 67. Bd5 1-0

[Event "Verbandsliga Sued Baden 1314"]
[Site "Germany"]
[Date "2014.02.16"]
[Round "6.6"]
[White "Niessen, Stefan"]
[Black "Ditzler, Juerg"]
[Result "1/2-1/2"]
[WhiteElo "2021"]
[BlackElo "2044"]
[PlyCount "38"]
[EventDate "2013.10.20"]
[EventType "team-tourn"]
[EventRounds "9"]
[EventCountry "GER"]
[SourceTitle "EXT 2015"]
[Source "ChessBase"]
[SourceDate "2014.11.20"]
[SourceVersion "1"]
[SourceVersionDate "2014.11.20"]
[SourceQuality "1"]
[WhiteTeam "Baden-Baden IV"]
[BlackTeam "Horben"]
[WhiteTeamCountry "GER"]
[BlackTeamCountry "GER"]

1. d4 g6 2. Nf3 Bg7 3. c4 d6 4. Nc3 Nd7 5. g3 e5 6. Bg2 Ne7 7. 0-0 0-0 8. e3 Nf5 9. b3 c6 10. Bb2 Qc7 11. Qd2 Rd8 12. Rfd1 exd4 13. exd4 Nf8 14. d5 h5 15. Re1 Nh7 16. Rad1 Bd7 17. a3 Re8 18. Qd3 Rxe1+ 19. Rxe1 Re8 1/2-1/2

[Event "Verbandsliga Sued Baden 1314"]
[Site "Germany"]
[Date "2014.01.12"]
[Round "4.6"]
[White "Schmidt, Ralf"]
[Black "Ditzler, Juerg"]
[Result "1-0"]
[WhiteElo "2119"]
[BlackElo "2053"]
[PlyCount "79"]
[EventDate "2013.10.20"]
[EventType "team-tourn"]
[EventRounds "9"]
[EventCountry "GER"]
[SourceTitle "EXT 2015"]
[Source "ChessBase"]
[SourceDate "2014.11.20"]
[SourceVersion "1"]
[SourceVersionDate "2014.11.20"]
[SourceQuality "1"]
[WhiteTeam "Oberwinden"]
[BlackTeam "Horben"]
[WhiteTeamCountry "GER"]
[BlackTeamCountry "GER"]

1. e4 g6 2. d4 Bg7 3. c4 d6 4. Nc3 Nd7 5. f4 e5 6. fxe5 dxe5 7. d5 Ngf6 8. Nf3 0-0 9. Bg5 h6 10. Bh4 a5 11. Be2 Nc5 12. Qc2 g5 13. Bf2 Qe7 14. h3 b6 15. Nh2 Ne8 16. Bg4 Nf6 17. Bxc8 Rfxc8 18. g4 Nfd7 19. Nf1 Nf8 20. Ne3 Ng6 21. Nf5 Qf8 22. 0-0-0 Nf4 23. h4 a4 24. hxg5 hxg5 25. d6 cxd6 26. Bxc5 Rxc5 27. Qh2 f6 28. Qh7+ Kf7 29. Nxd6+ Ke6 30. Nf5 Ra7 31. Rd6+ Qxd6 32. Qg8+ Kd7 33. Nxd6 Kxd6 34. Nb5+ Rxb5 35. cxb5 Ne6 36. Rh7 Rc7+ 37. Kb1 Re7 38. Qa8 Nd4 39. Qd8+ Rd7 40. Qxb6+ 1-0

[Event "Basel op"]
[Site "Basel"]
[Date "2014.01.01"]
[Round "1"]
[White "Ben Artzi, Ido"]
[Black "Ditzler, Juerg"]
[Result "1-0"]
[WhiteElo "2344"]
[BlackElo "2053"]
[PlyCount "83"]
[EventDate "2014.01.01"]
[EventType "swiss"]
[EventRounds "7"]
[EventCountry "SUI"]
[SourceTitle "CBM 158 Extra"]
[Source "ChessBase"]
[SourceDate "2014.02.28"]
[SourceVersion "1"]
[SourceVersionDate "2014.02.28"]
[SourceQuality "1"]

1. d4 g6 2. c4 Bg7 3. e4 d6 4. Nc3 f5 5. exf5 Bxf5 6. Nf3 Nc6 7. d5 Ne5 8. Nd4 Nd3+ 9. Bxd3 Bxd4 10. Bxf5 Bxc3+ 11. bxc3 gxf5 12. Qh5+ Kf8 13. Qxf5+ Nf6 14. Bh6+ Kf7 15. Qe6+ Kg6 16. Qe3 Rg8 17. 0-0 Qd7 18. Rae1 Rae8 19. f3 Kf7 20. Bg5 Rg6 21. h4 e5 22. dxe6+ Rxe6 23. Qxa7 h6 24. Bxf6 Rexf6 25. Qxb7 Rf5 26. Re2 Rc5 27. Rfe1 h5 28. Qa8 Re5 29. Qh8 Rg8 30. Qh6 Rg6 31. Qf4+ Rf6 32. Qd2 Rc5 33. Re5 Rxe5 34. Rxe5 Qc6 35. Rxh5 Qxc4 36. Qd5+ Qxd5 37. Rxd5 Rf4 38. Rd4 Rf5 39. Rc4 c5 40. a4 Ke6 41. a5 Kd7 42. Ra4 1-0

[Event "Basel Hilton op 08th"]
[Site "Basel"]
[Date "2006.01.02"]
[Round "2"]
[White "Meier, Franz"]
[Black "Ditzler, Juerg"]
[Result "1-0"]
[WhiteElo "2062"]
[BlackElo "2151"]
[PlyCount "62"]
[EventDate "2006.01.01"]
[EventType "swiss"]
[EventRounds "7"]
[EventCountry "SUI"]
[SourceTitle "CBM 110 Extra"]
[Source "ChessBase"]
[SourceDate "2006.03.10"]
[SourceVersion "2"]
[SourceVersionDate "2006.03.10"]
[SourceQuality "1"]

1. e4 g6 2. d4 Bg7 3. Nc3 d6 4. Be3 a6 5. a4 Nd7 6. Qd2 e6 7. Nf3 Ne7 8. Be2 b6 9. Bh6 0-0 10. h4 Nf6 11. h5 gxh5 12. Bxg7 Kxg7 13. g4 h6 14. g5 hxg5 15. Qxg5+ Ng6 16. 0-0-0 Rh8 17. Rdg1 Bb7 18. d5 exd5 19. Nd4 dxe4 20. Ne6+ fxe6 21. Qxg6+ Kf8 22. Qg7+ Ke8 23. Qxh8+ Kd7 24. Rg7+ Kc6 25. Qh6 Qf8 26. Rhg1 Ne8 27. Bb5+ axb5 28. axb5+ Kc5 29. Qe3+ Kc4 30. b3+ Kb4 31. Qd4+ Ka3 1-0

[Event "SUI-chT"]
[Site "Switzerland"]
[Date "2004.09.05"]
[Round "7.7"]
[White "Ditzler, Juerg"]
[Black "Riff, Jean Noel"]
[Result "0-1"]
[WhiteElo "2208"]
[BlackElo "2402"]
[PlyCount "64"]
[EventDate "2004.02.29"]
[EventType "team-tourn"]
[EventRounds "9"]
[EventCountry "SUI"]
[SourceTitle "EXT 2005"]
[Source "ChessBase"]
[SourceDate "2004.11.15"]
[SourceVersion "1"]
[SourceVersionDate "2004.11.15"]
[SourceQuality "1"]
[WhiteTeam "Roessli"]
[BlackTeam "Roessli"]
[WhiteTeamCountry "SUI"]
[BlackTeamCountry "SUI"]

1. d4 Nf6 2. g3 d5 3. Bg2 c6 4. Nf3 Bg4 5. h3 Bh5 6. g4 Bg6 7. Ne5 Nbd7 8. Nxg6 hxg6 9. 0-0 e5 10. dxe5 Nxe5 11. g5 Nh5 12. e4 d4 13. f4 Nc4 14. Qd3 Ne3 15. Bxe3 dxe3 16. Qxe3 Qa5 17. Kh2 0-0-0 18. Qb3 Nxf4 19. Rxf4 Bd6 20. Qg3 Qe5 21. Qg4+ Kb8 22. Kg3 Qxb2 23. Nd2 Qxa1 24. Nf3 f5 25. gxf6 gxf6 26. Kf2 Bxf4 27. Qxf4+ Ka8 28. h4 Qxa2 29. Qxf6 Qxc2+ 30. Kg3 Qxe4 31. Qf4 Qxf4+ 32. Kxf4 a5 0-1

[Event "SUI-chT"]
[Site "Switzerland"]
[Date "2004.03.21"]
[Round "2.6"]
[White "Allemann, Anton"]
[Black "Ditzler, Juerg"]
[Result "1-0"]
[WhiteElo "2238"]
[BlackElo "2128"]
[PlyCount "117"]
[EventDate "2004.02.29"]
[EventType "team-tourn"]
[EventRounds "9"]
[EventCountry "SUI"]
[SourceTitle "CBM 099 Extra"]
[Source "ChessBase"]
[SourceDate "2004.05.04"]
[SourceVersion "1"]
[SourceVersionDate "2004.05.04"]
[SourceQuality "1"]
[WhiteTeam "Riehen"]
[BlackTeam "Roessli"]
[WhiteTeamCountry "SUI"]
[BlackTeamCountry "SUI"]

1. d4 g6 2. e4 Bg7 3. Nc3 d6 4. f4 c6 5. Nf3 Bg4 6. Be3 Qb6 7. Qd2 Nd7 8. 0-0-0 Qa5 9. Kb1 b5 10. h3 Bxf3 11. gxf3 Nb6 12. h4 Nc4 13. Bxc4 bxc4 14. h5 Rb8 15. Ka1 Nf6 16. h6 Qb4 17. Qc1 Bf8 18. d5 cxd5 19. e5 Nh5 20. Nxd5 Qb7 21. exd6 Bxh6 22. dxe7 Bg7 23. Bd4 Bxd4 24. Rxd4 f6 25. b3 Kf7 26. Re1 Rhe8 27. Qd2 cxb3 28. axb3 Ng7 29. Kb2 Nf5 30. Rde4 Nd6 31. Rb4 Qc6 32. Qd4 Nf5 33. Qc4 Qxc4 34. Rxc4 Rb7 35. Rc6 h5 36. Rxf6+ Kg7 37. Rg1 Nxe7 38. Re6 Kf7 39. Rge1 h4 40. Rf6+ Kg7 41. Rfe6 Kf7 42. Nxe7 Rbxe7 43. Rxe7+ Rxe7 44. Rh1 Kf6 45. Rxh4 Kf5 46. b4 Rb7 47. Ka3 a5 48. bxa5 Rc7 49. Kb3 Rb7+ 50. Kc4 Rc7+ 51. Kb5 Rxc2 52. a6 Rb2+ 53. Kc6 Rc2+ 54. Kb7 Rb2+ 55. Ka8 Rb3 56. a7 Rxf3 57. Rh7 Ke6 58. Kb7 Rb3+ 59. Kc7 1-0